000 00487nmm a2200169Ia 4500
008 251105s9999||||xx |||||||||||||||||und||
020 _a9788499450544
041 _aspa
100 _aCarrillo Alday, Salvador
245 0 _aEl evangelio según san Mateo
264 _a[Madrid, España] :
_bEditorial Verbo Divino,
_c2010
300 _a370 páginas
490 _aEstudios bíblicos
650 _aReligion(s)
856 _uhttps://public.digitaliapublishing.com/a/51016
942 _cCF
999 _c92787
_d92787